=LDR 00000nam 2200000 4500 =001 INLIS000000000036528 =005 20130612142318 =008 ***********************************Ind** =035 ##$$0010-061300000036528 =041 ##$$a Ind =082 ##$$a 741.5 =090 ##$$a 741.5, Gro l =100 ##$$a groot, De =245 ##$$a Leonard 4-Hi-Fi genie= leonard jenius tingkat tinggi, De groot ; alih bahasa, Gendisa Yuliasti =260 ##$$a 2011 $b Jakarta =300 ##$$a 48 hlm, ilus, 26 cm =650 ##$$a Komik Bacaan =850 ##$$a NBPNMAT =990 ##$$a 0001/BPAP-NTB/2016